Polozhenie egipetskogo krestʹi︠a︡nstva pered zemelʹnoĭ reformoĭ 1952 g. /

Bibliographic Details
Main Author: Sultanov, A. F. (Abdrakhman Fasli︠a︡khovich), 1904-
Format: Book
Language:Russian
Published: Moskva : Izd-vo vostochnoĭ lit-ry, 1958.
Subjects:

MARC

Tag First Indicator Second Indicator Subfields
LEADER 00000cam a2200000Ia 4500
001 in00001677913
005 20151024131626.0
008 910617s1958 ru b 000 0 rusr
010 |a  58041754  
035 |a (OCoLC)ocm23946972 
040 |a DLC  |c CRL  |d TXA  |d UtOrBLW 
043 |a f-ua--- 
049 |a TXAM 
050 0 0 |a HD975  |b .S8 
100 1 |a Sultanov, A. F.  |q (Abdrakhman Fasli︠a︡khovich),  |d 1904- 
245 1 0 |a Polozhenie egipetskogo krestʹi︠a︡nstva pered zemelʹnoĭ reformoĭ 1952 g. /  |c A.F. Sultanov. 
264 1 |a Moskva :  |b Izd-vo vostochnoĭ lit-ry,  |c 1958. 
300 |a 81 pages, 3 unnumbered pages ;  |c 20 cm. 
336 |a text  |b txt  |2 rdacontent 
337 |a unmediated  |b n  |2 rdamedia 
338 |a volume  |b nc  |2 rdacarrier 
500 |a At head of title: Akademii︠a︡ nauk SSSR. Institut vostokovedenii︠a︡. 
504 |a Includes bibliographical references (pages 81-[82]). 
536 |a From the Estate of George and Mathilda Sabo by Dr. Joseph R. Corcoran & Irene Sabo Corcoran and Family. September 1998. 
650 0 |a Peasants  |z Egypt. 
948 |a cataloged  |b h  |c 2002/5/16  |d c  |e spoltoratski  |f 11:15:55 am 
994 |a E0  |b TXA 
999 |a MARS 
999 f f |s 67d8a734-54c5-3163-8ee9-2c2b28c78809  |i dce72082-db79-39f5-b8a5-d753ded4d5ff  |t 0 
952 f f |p ric  |a Texas A&M University  |b Rellis Campus  |c Joint Library Facility  |d Remote Storage  |t 0  |e HD975 .S8  |h Library of Congress classification  |i unmediated -- volume  |m A14828887855 
998 f f |a HD975 .S8  |t 0  |l Remote Storage